00529nam a2200157Ia 450000500170000000800410001708200210005810000240007924501370010325000160024026000420025630000180029865000230031665000160033965000160035520250127010145.0240331s9999 xx 000 0 und d bWIJ23586a304.2 aWijayadasa, K. H. J 0aTowards Sustainable Growth, The Sri Lanka Experience:bThe Evolution of Environmental Policies and Strategies in Sri Lanka 1978-1993 a2nd Edition bCentral Environmental Authorityc1994 aviii, 214 p., aSustainable Growth aDevelopment aEnvironment